Postavenie neziskového sektora na Slovensku v podmienkach globálnej hospodárskej krízy a jeho vplyv na výšku verejných zdrojov bakalárska práca

Uložené v:
Podrobná bibliografia
Hlavný autor: Katonová, Gabriela
Korporativný autor: Národohospodárska fakulta EU. Katedra financií
Ďalší autori: Zelezník, Juraj
Médium: Kniha
Jazyk:Slovak
Vydavateľské údaje: Bratislava 2012
Tagy: Pridať tag
Žiadne tagy, Buďte prvý, kto otaguje tento záznam!

MARC

LEADER 00000nbm a2200000 4500
001 0156050
005 20161109111934.7
041 0 |a slo 
044 |a SK 
245 1 0 |a Postavenie neziskového sektora na Slovensku v podmienkach globálnej hospodárskej krízy a jeho vplyv na výšku verejných zdrojov  |b bakalárska práca  |c Gabriela Katonová ; školiteľ: Juraj Zelezník 
264 1 |a Bratislava  |c 2012 
300 |a 46 s. 
100 1 |a Katonová, Gabriela 
700 1 |a Zelezník, Juraj 
710 2 |a Národohospodárska fakulta EU. Katedra financií